Najwięksi partnerzy handlowi - Polska - Statystyki

Ogólne statystyki
  • Ten quiz został rozwiązany 5 263 razy
  • Średni wynik to 19 z 22
Statystyki odpowiedzi
Importy Eksporty Kraj % Poprawnych
70,2 mld 98,7 mld Niemcy
99%
15,4 mld 10,9 mld Stany Zjednoczone
99%
41,9 mld Chiny
97%
11,6 mld 21,9 mld Francja
97%
11,3 mld Czechy
96%
22,3 mld Czechy
96%
7,4 mld 9,8 mld Hiszpania
95%
11,6 mld Ukraina
94%
9,7 mld Słowacja
93%
6,6 mld 8,9 mld Szwecja
93%
16,9 mld 17,3 mld Włochy
93%
17,5 mld Wielka Brytania
91%
8,8 mld Norwegia
90%
13,3 mld 17,2 mld Holandia
83%
8,5 mld Węgry
83%
7,3 mld Austria
82%
7,3 mld 8,6 mld Belgia
81%
6,8 mld Dania
78%
7,2 mld Turcja
77%
7,5 mld Rumunia
75%
10 mld Korea Południowa
59%
7,7 mld Arabia Saudyjska
38%
Nie znaleziono quizów pasujących do podanych kryteriów
Rozkład punktacji
Procent ludzi z każdym wynikiem
Percentyl według liczby udzielonych odpowiedzi
Twoja historia wyników
Nie rozwiązałeś tego quizu